LIBRARY & INFORMATION CENTRE, KCAET, TAVANUR

ONLINE PUBLIC ACCESS CATALOGUE (OPAC)

Agriculture in India, Vol I / (Record no. 2637)

MARC details
000 -LEADER
fixed length control field 00697cam a2200289ua 4500
041 ## - LANGUAGE CODE
Language code of text/sound track or separate title eng
082 ## - DEWEY DECIMAL CLASSIFICATION NUMBER
Classification number 630
Item number KUM/AG
100 ## - MAIN ENTRY--AUTHOR NAME
Personal name Kumar, L.S.S .
245 ## - TITLE STATEMENT
Title Agriculture in India, Vol I /
250 ## - EDITION STATEMENT
Edition statement 1 /
260 ## - PUBLICATION, DISTRIBUTION, ETC. (IMPRINT)
Place of publication :
Name of publisher Asia Publishing House ,
Year of publication 1964.
300 ## - PHYSICAL DESCRIPTION
Number of Pages 252 ; .
700 1# - ADDED ENTRY--PERSONAL NAME
Personal name Aggrwala, A.C .
700 1# - ADDED ENTRY--PERSONAL NAME
Personal name Arakeri, H.R .
700 1# - ADDED ENTRY--PERSONAL NAME
Personal name Kamath, M.G .
700 1# - ADDED ENTRY--PERSONAL NAME
Personal name Moore, Earl.N .
942 ## - ADDED ENTRY ELEMENTS (KOHA)
Koha item type Books
Holdings
Withdrawn status Lost status Damaged status Home library Current library Date acquired Cost, normal purchase price Full call number Accession Number Koha item type
      KAUAET KAUAET 07/04/2012 14.00 630 7621 Books
      KAUAET KAUAET 07/04/2012 14.00 630 7620 Books
Withdrawn     KAUAET KAUAET 07/04/2012 14.00 630 7615 Books
Withdrawn     KAUAET KAUAET 07/04/2012 14.00 630 7617 Books
Withdrawn     KAUAET KAUAET 07/04/2012 14.00 630 7616 Books
Withdrawn     KAUAET KAUAET 07/04/2012 14.00 630 7613 Books
Withdrawn     KAUAET KAUAET 07/04/2012 14.00 630 7622 Books
Withdrawn     KAUAET KAUAET 07/04/2012 14.00 630 7596 Books
Withdrawn Lost and Paid For   KAUAET KAUAET 29/06/2020 14.00 630 KUM/AG 7614 Books
Withdrawn Lost and Paid For   KAUAET KAUAET 29/06/2020 14.00 630 KUM/AG 7618 Books
Withdrawn Lost and Paid For   KAUAET KAUAET 29/06/2020 14.00 630 KUM/AG 7619 Books
free website counter